Corporate communication : (Record no. 116)

MARC details
000 -LEADER
fixed length control field 00877nam a22002777a 4500
001 - CONTROL NUMBER
control field 16421553
005 - DATE AND TIME OF LATEST TRANSACTION
control field 20230112125807.0
008 - FIXED-LENGTH DATA ELEMENTS--GENERAL INFORMATION
fixed length control field 230112b |||||||| |||| 00| 0 eng d
010 ## - LIBRARY OF CONGRESS CONTROL NUMBER
LC control number 2010935164
020 ## - INTERNATIONAL STANDARD BOOK NUMBER
International Standard Book Number 9780857022424
020 ## - INTERNATIONAL STANDARD BOOK NUMBER
International Standard Book Number 9780857022431
040 ## - CATALOGING SOURCE
Original cataloging agency DLC
Transcribing agency KMU
042 ## - AUTHENTICATION CODE
Authentication code pcc
050 00 - LIBRARY OF CONGRESS CALL NUMBER
Classification number HD30.3
Item number .C667 2011
100 1# - MAIN ENTRY--PERSONAL NAME
Personal name Cornelissen, Joep.
245 10 - TITLE STATEMENT
Title Corporate communication :
Remainder of title A guide to theory and practice /
Statement of responsibility, etc. Joep Cornelissen.
250 ## - EDITION STATEMENT
Edition statement 3rd ed.
260 ## - PUBLICATION, DISTRIBUTION, ETC.
Place of publication, distribution, etc. Thousand Oaks, CA :
Name of publisher, distributor, etc. SAGE Publications,
Date of publication, distribution, etc. 2011.
300 ## - PHYSICAL DESCRIPTION
Extent xvii, 272 p. :
Other physical details ill. ;
Dimensions 25 cm.
504 ## - BIBLIOGRAPHY, ETC. NOTE
Bibliography, etc. note Includes bibliographical references and index.
650 #0 - SUBJECT ADDED ENTRY--TOPICAL TERM
Topical term or geographic name entry element Communication in management.
650 #0 - SUBJECT ADDED ENTRY--TOPICAL TERM
Topical term or geographic name entry element Business communication.
906 ## - LOCAL DATA ELEMENT F, LDF (RLIN)
a 7
b cbc
c orignew
d 2
e epcn
f 20
g y-gencatlg
942 ## - ADDED ENTRY ELEMENTS (KOHA)
Source of classification or shelving scheme Library of Congress Classification
Koha item type Non-Fiction
Suppress in OPAC No
Holdings
Withdrawn status Lost status Source of classification or shelving scheme Damaged status Not for loan Collection Home library Current library Shelving location Date acquired Source of acquisition Total Checkouts Full call number Barcode Date last seen Date last checked out Price effective from Koha item type
    Library of Congress Classification     Non-fiction Kapasa Makasa University Kapasa Makasa University Open Access 06.01.2023 Book Aid International 1 HD 30.3 Cor 2011 745268 09.03.2023 22.02.2023 12.01.2023 Non-Fiction
    Library of Congress Classification     Non-fiction Kapasa Makasa University Kapasa Makasa University Open Access 06.01.2023 Book Aid International 1 HD 30.3 Cor 2011 745307 13.11.2023 31.10.2023 12.01.2023 Non-Fiction
    Library of Congress Classification     Non-fiction Kapasa Makasa University Kapasa Makasa University Open Access 06.01.2023 Book Aid International   HD 30.3 Cor 2011 745269 12.01.2023   12.01.2023 Non-Fiction